1451 1330 1693 1637 1478 1376 1099 1291 1504 1998 1526 1265 1192 1945 1016 1955 1072 1224 1575 1093 1858 1627 1131 1399 1922 1356 1323 1847 1843 1476 1337 1327 1714 1175 1412 1343 1738 1226 1889 1504 1021 1258 1481 1860 1896 1182 1766 1642 1061 1769 1085 1743 1083 1692 1595 1783 1056 1961 1145 1861 1156 1273 1553 1401 1733 1087 1283 1641 1800 1337 1528 1010 1160 1121 1792 1346 1025 1870 1536 1193 1441 1087 1112 1090 1061 1306 1548 1174 1288 1013 1278 1028 1981 1883 1170 1785 1357 1336 1601 BCNSPRNW ULIB Ver.6.0+V

เปลี่ยนเป็นภาษาไทย

Change to English
 แสดงรายละเอียดบรรณานุกรม
  กลับหน้าหลัก

Brief Record : Get Marc (ISO 2709) : E-mail record : QR code < ปิดหน้าต่าง
LEADER : 00000nas 2200000uu 4500
001    13399113953
003     ULIB
008    020711s|||| th a 000 0 tha d
022    ^a01619268
110    ^aLippincott Williams & Wilkins a Wolters Kluwer business
245    ^aANS : Advances in nursing science
260    ^aPhiladeaphia :^bLippincott Williams & Wilkins a Wolters Kluwer business,^cม.ป.ป.
310    ^aรายสามเดือน
850 ^a ULIB^bฉบับที่ 3 ปีที่ 34 ;ฉบับที่ 1 ปีที่ 35 ;ฉบับที่ 2 ปีที่ 34 ;ฉบับที่ 2 ปีที่ 35 ;ฉบับที่ 3 ปีที่ 35 ;ฉบับที่ 1 ปีที่ 35 ;ฉบับที่ 4 ปีที่ 35
945    ^p0^l0^i900092
945    ^p0^l0^i900481
945    ^p0^l0^i900572
945    ^p0^l0^i900778
945    ^p0^l0^i900915
945    ^p0^l0^i901057
945    ^p0^l0^i901206
รายการนี้ยังไม่มีแท็ก
คุณยังไม่ได้ล็อกอิน คุณสามารถมีกิจกรรมร่วมกับเว็บไซต์ได้ แต่ต้องล็อกอินก่อน ::
  ล็อกอิน

รายการสื่อสารสนเทศ (วารสาร)

ดูแบบ: กล่อง รายการ
ARRIVED
ฉบับที่ 2 ปีที่ 34
สถานที่: ห้องสมุดวิทยาเขตสวรรค์ประชารักษ์ >วารสาร
ARRIVED
ฉบับที่ 3 ปีที่ 34
สถานที่: ห้องสมุดวิทยาเขตสวรรค์ประชารักษ์ >วารสาร
ARRIVED
ฉบับที่ 1 ปีที่ 35
สถานที่: ห้องสมุดวิทยาเขตสวรรค์ประชารักษ์ >วารสาร
ARRIVED
ฉบับที่ 2 ปีที่ 35
สถานที่: ห้องสมุดวิทยาเขตสวรรค์ประชารักษ์ >หนังสือทั่วไป
ARRIVED
ฉบับที่ 3 ปีที่ 35
สถานที่: ห้องสมุดวิทยาเขตสวรรค์ประชารักษ์ >หนังสือทั่วไป
ARRIVED
ฉบับที่ 4 ปีที่ 35
สถานที่: ห้องสมุดวิทยาเขตสวรรค์ประชารักษ์ >วารสาร
รายการใกล้เคียง
    ผู้แต่ง []

BibComment


ยังไม่เคยถูกคอมเมนท์

คอมเมนท์ทรัพยากรรายการนี้
  คอมเมนท์: ANS Advances in..


 Copyright 2026. Bcnsprnw @Library